Smallest Countries by Letter - Statistics

General Stats
  • This quiz has been taken 59 times
  • The average score is 19 of 24
Answer Stats
Letter Country % Correct
Q Qatar
98%
V Vatican City
96%
O Oman
94%
Y Yemen
94%
Z Zimbabwe
89%
K Kiribati
87%
T Tuvalu
87%
F Fiji
85%
H Haiti
85%
M Monaco
83%
N Nauru
83%
P Palau
81%
S San Marino
81%
A Antigua and Barbuda
79%
B Barbados
79%
L Liechtenstein
79%
C Comoros
77%
J Jamaica
77%
R Rwanda
77%
D Dominica
75%
G Grenada
72%
U United Arab Emirates
64%
E East Timor
55%
I Israel
53%
No matching quizzes found
Score Distribution
Percent of People with Each Score
Percentile by Number Answered
Your Score History
You have not taken this quiz